000 01373nam a22002894c 4500
003 AR-BaSMT
008 260325b2025 aga|||br|||| 000 0bspa d
020 _a9789875045286
040 _aBSGB
_bespañol
_cBSGB
_erda
041 0 _aspa
_hespañol
080 _a82-94
100 1 _aSevilla, Fabián
_96
245 1 0 _aSan Martín :
_bentre relatos y batallas
250 _aPrimera edición
264 1 _aBuenos aires :
_bQuipu ,
_c2025
300 _a80 páginas ;
_bilustraciones blanco y negro
336 _2rdacontent
_atexto
_btxt
337 _2rdamedia
_asin mediación
_bn
338 _2rdacarrier
_avolumen
_bnc
490 _aVerde histórica
520 _aEn su hogar de Francia, el General San Martín, ya muy anciano, pasa sus dias bajo el cuidado de su hija. Entre ellos hay charlas en las que el Libertador relata lo que debió enfrentar para conseguir la libertad de Argentina, Perú y Chile. Relatos llenos de aventuras, emociones y humor que quedaron como un legado para Merceditas. Fabián Sevilla, el autor, invita a los lectores a sumergirse en uno de los más importantes próceres argentinos.
_uhttps://www.quipu.com.ar/productos/san-martin-entre-relatos-y-batallas/ 25/03/2026
521 _aA partir de 10 años
650 7 _98
_aLITERATURA INFANTIL
650 7 _935
_aNOVELA HISTÓRICA
_zArgentina
942 _2ddc
_aBOOK
999 _c600
_d600